| 000 | 00368nam a22001337a 4500 | ||
|---|---|---|---|
| 020 | _a8173012431 | ||
| 082 |
_a001 _bPRA _cL-NUST, P-47 |
||
| 100 |
_aPrakash, Ved _936427 |
||
| 245 |
_aEnrich Your General Knowledge Part-2 _cPrakash, Ved |
||
| 260 |
_aDelhi _bDreamland Pub |
||
| 300 |
_aP 48 _bill _c25cm |
||
| 526 |
_a0 _b0 _c0 _d001_000000000000000_PRA |
||
| 942 |
_2ddc _cBK |
||
| 999 |
_c550131 _d550131 |
||